000 00461nam a2200181Ia 4500
008 240925s9999 xx 000 0 und d
020 _a9788126154340
082 _a621 PRA
100 _aPrakash, Om
245 0 _aElectronics Course book
250 _a1st
260 _aNew Delhi:
_bAnmol Publications
_c,2013.
300 _axv,958p.
_bN.A
_fOriginal
500 _aIncludes Index
600 _aElectronic Engineering
650 _aTechnology
942 _cBK
999 _c12207
_d12207